Bilecik Bilecik Bilecik Bilecik Bilecik

Şair, mütefekkir, sendikacı : (Record no. 61412)

MARC details
000 -BAŞLIK
Sabit Uzunluktaki Kontrol Alanı 01465nam a22004337a 4500
001 - KONTROL NUMARASI
Control Dosyası 0061616
003 - KONTROL NUMARASI KİMLİĞİ
Kontrol Alanı KOHA_MİRAKIL
005 - EN SON İŞLEM TARİHİ ve ZAMANI
Kontrol Alanı 20260207004345.0
007 - FİZİKSEL TANIM SABİT ALAN - GENEL BİLGİ
Sabit uzunluklu kontrol alanı ta
008 - SABİT UZUNLUKTAKİ VERİ ÖGELERİ - GENEL BİLGİ
Sabit Alan 171123b2016 tu |||gr||||#0|||1|tur |
020 ## - ISBN - ULUSLARARASI STANDART KİTAP NUMARASI
Isbn 9789756153482
Nitelik bilgileri Tk. No.
020 ## - ISBN - ULUSLARARASI STANDART KİTAP NUMARASI
Isbn 9789756153499
Nitelik bilgileri c.1
020 ## - ISBN - ULUSLARARASI STANDART KİTAP NUMARASI
Isbn 9789756153505
Nitelik bilgileri c.2
--
020 ## - ISBN - ULUSLARARASI STANDART KİTAP NUMARASI
Isbn 9789756153512
Nitelik bilgileri c..3
040 ## - KATALOGLAMA KAYNAĞI
Özgün Kataloglama Kurumu TR-BiSEU
Kataloglama Dili tur
Çeviri Kurumu TR-BiSEU
Açıklama Kuralları rda
041 0# - DİL KODU
Metin ya da ses kaydının dil kodu tur
044 ## - YAYINLAYAN/ÜRETEN KURULUŞUN ÜLKE KODU
ISO country code tu
050 ## - SINIFLAMA ve YER NUMARASI
Sınıflama Numarası PL234.I53
Yer Numarası S69 2016
100 1# - KİŞİ ADI
Yazar Adı (Kişi adı) İnan, Mehmet Akif.
245 1# - ESER ADI BİLDİRİMİ
Başlık Şair, mütefekkir, sendikacı :
Alt Eseradı vb. Mehmet Akif İnan eserleri/
Sorumluluk Bildirimi Mehmet Akif İnan ; Mehmet Akif İnan; hazırlayan Hıdır Yıldırım.
264 #1 - ÜRERİM, YAYIN, DAĞITIM ve TELİF BİLDİRİMİ
Yayın yeri Ankara :
Yayınlayan Eğitim Bir-Sen
Yayın tarihi 2016
300 ## - FİZİKSEL TANIMLAMA
Sayfa, Cilt vb. 3 c.; 25 cm.
336 ## - İÇERİK TÜRÜ
Content type term metin
Content type code txt
Source rdacontent
337 ## - MEDYA TÜRÜ
Media type term aracısız
Media type code n
Source rdamedia
338 ## - TAŞIYICI TÜRÜ
Carrier type term cilt
Carrier type code nc
Source rdacarrier
490 1# - DİZİ BİLDİRİMİ
Dizi Bildirimi Eğitim Bir-Sen Yayınları ;
Cilt Numarası 55.
490 1# - DİZİ BİLDİRİMİ
Dizi Bildirimi Edebiyat Dizisi ;
Cilt Numarası 13.
500 ## - GENEL NOT
Genel Not Kaynakça var.
650 #0 - KONU BAŞLIĞI EK GİRİŞ - KONU TERİMİ
Konusal terim veya coğrafi ad Türk şiiri--Söyleşiler.
9 (RLIN) 114350
650 #0 - KONU BAŞLIĞI EK GİRİŞ - KONU TERİMİ
Konusal terim veya coğrafi ad Türk edebiyatı --Söyleşiler.
9 (RLIN) 114351
650 #0 - KONU BAŞLIĞI EK GİRİŞ - KONU TERİMİ
Konusal terim veya coğrafi ad İnan, M. Akif, 1940- --Söyleşiler.
9 (RLIN) 114352
650 #0 - KONU BAŞLIĞI EK GİRİŞ - KONU TERİMİ
Konusal terim veya coğrafi ad Turkish poetry--Interviews.
9 (RLIN) 114353
650 #0 - KONU BAŞLIĞI EK GİRİŞ - KONU TERİMİ
Konusal terim veya coğrafi ad Turkish literature--Interviews.
9 (RLIN) 56278
650 #0 - KONU BAŞLIĞI EK GİRİŞ - KONU TERİMİ
Konusal terim veya coğrafi ad İnan, M. Akif, 1940- --Interviews.
9 (RLIN) 114354
830 1# - SERİ EK GİRİŞİ - TEKBİÇİM ESER ADI
Tekbiçim Başlık Eğitim Bir-Sen Yayınları ;
Volume number/sequential designation 55.
9 (RLIN) 103674
830 1# - SERİ EK GİRİŞİ - TEKBİÇİM ESER ADI
Tekbiçim Başlık Edebiyat Dizisi ;
Volume number/sequential designation 13.
9 (RLIN) 6281
907 ## - LOCAL DATA ELEMENT G, LDG (RLIN)
a Şiir
942 ## - EK GİRİŞ ÖGELERİ (KOHA)
Source of classification or shelving scheme Library of Congress Classification
Koha item type Book
Holdings
Materyal Türü Kalıcı Konum Mevcut Konum Raf Yeri Sınıflandırma Kaynağı Edinim Bilgisi Ana Konular Alt Konular Yer Numarası Cilt Bilgisi Demirbaş Numarası Fatura Tarihi Geri Çekilme Durumu Kayıp Durumu Hasarlı Durumu Kredi için değil Kayıt Tarih Toplam Ödünçverme Son Görülme Tarihi Son Kontrol Tarihi Genel / Bağış Notu
Book Prof. Dr. Azmi Özcan Kütüphanesi Prof. Dr. Azmi Özcan Kütüphanesi Birûni Salonu Library of Congress Classification Bağış DİL VE EDEBİYAT Doğu Asya, Afrika, Okyanusya Dilleri ve Edebiyatları PL234.I53 S69 2016 c.1 0061614 02/02/2026         23/11/2017   05/12/2024 05/12/2024 Genel Bağış
Book Prof. Dr. Azmi Özcan Kütüphanesi Prof. Dr. Azmi Özcan Kütüphanesi Birûni Salonu Library of Congress Classification Bağış DİL VE EDEBİYAT Doğu Asya, Afrika, Okyanusya Dilleri ve Edebiyatları PL234.I53 S69 2016 c.2 0061615 02/02/2026         23/11/2017   05/12/2024 05/12/2024 Genel Bağış
Book Prof. Dr. Azmi Özcan Kütüphanesi Prof. Dr. Azmi Özcan Kütüphanesi Birûni Salonu Library of Congress Classification Bağış DİL VE EDEBİYAT Doğu Asya, Afrika, Okyanusya Dilleri ve Edebiyatları PL234.I53 S69 2016 c.3 0061616 02/02/2026         23/11/2017   05/12/2024 05/12/2024 Genel Bağış